| 000 | 01173pam a2200361 a 4500 | ||
|---|---|---|---|
| 001 | 7335 | ||
| 003 | FISKH | ||
| 005 | 20250709154657.0 | ||
| 008 | 911220s1992 nyua j 000 1 eng | ||
| 010 | _a 91051105 | ||
| 020 | _a0679819460 (trade ed.) | ||
| 020 | _a0679919465 (library ed.) | ||
| 020 | _a9780679819462 | ||
| 040 |
_aDLC _cDLC _dDLC _beng |
||
| 042 | _alcac | ||
| 050 | _aPZ7.S1185 K | ||
| 082 | _a813.54 | ||
| 100 | 1 |
_aSachar, Louis _d(1954-) |
|
| 245 | 1 | 0 |
_aMarvin Redpost : _bKidnapped at birth? / _cby Louis Sachar ; illustrated by Neal Hughes. |
| 250 | _aThis edition first published in 1992 | ||
| 260 |
_aNew York : _bRandom House, _c1992. |
||
| 300 |
_a68 pages : _billustrations ; _c20 cm. |
||
| 505 | _aL | ||
| 520 | _aRed-haired Marvin is convinced that the reason he looks different from the rest of his family is that he is really the lost prince of Shampoon. | ||
| 521 | 8 |
_a520
_bLexile |
|
| 521 | 8 |
_aL
_bRaz-Plus |
|
| 650 | 1 |
_aRedheads _xFiction. |
|
| 650 | 1 |
_aPrinces _xFiction. |
|
| 700 | 1 |
_aHughes, Neal _eillustrator |
|
| 906 |
_a7 _bcbc _corignew _d1 _eocip _f19 _gy-gencatlg |
||
| 942 |
_2ddc _cBK _n0 |
||
| 999 |
_c7335 _d7335 |
||